Curso prático de direito previdenciário / (Record no. 442)

MARC details
000 -LÍDER
Campo Fixo de Controle 00719nam a2200253 a 4500
001 - NÚMERO DE CONTROLE
Campo de Controle 442
003 - IDENTIFICAÇÃO DO NÚMERO DE CONTROLE
Campo de Controle BR-CuiBMT
005 - DATA E HORA DA ÚLTIMA ATUALIZAÇÃO
Campo de Controle 20231120051205.0
008 - DADOS FIXOS
Dados Fixos 231106s2016 baba 000 0 por d
020 ## - INTERNATIONAL STANDARD BOOK NUMBER
Nº do ISBN 8544206743
040 ## - AGÊNCIA CATALOGADORA
Código da Agência Catalogadora BR-CuiBMT
Agência que transcreveu o registro BR-CuiBMT
080 ## - Nº DA CLASSIFICAÇÃO DECIMAL UNIVERSAL
Nº edição CDU 2007
Nº Class. CDU 349.3
090 ## - NÚMERO DE CHAMADA
Nº classificação 349.3
Cutter K41c
Ano/Edição 14. ed.
100 1# - ENTRADA PRINCIPAL -- AUTOR PESSOAL
Nome pessoal Kertzman, Ivan,
Datas associadas ao nome 1977-
245 0# - TÍTULO PRINCIPAL
Título principal Curso prático de direito previdenciário /
Indicação de responsabilidade Ivan Kertzman.
250 ## - EDIÇÃO
Edição 14. ed., rev., ampl. e atual.
260 ## - PUBLICAÇÃO, DISTRIBUIÇÃO, ETC.
Local de publicação Salvador :
Editora JusPODIVM,
Data 2016.
300 ## - DESCRIÇÃO FÍSICA
N. páginas ou volumes 768 p.:
Ilustrações il.
Dimensões 24 cm
504 ## - NOTA DE BIBLIOGRAFIA, ETC.
Nota de bibliografia Inclui bibliografia.
650 ## - ASSUNTO TÓPICO
Cabeçalho tópico ou nome geográfico Direito previdenciário
650 ## - ASSUNTO TÓPICO
Cabeçalho tópico ou nome geográfico Seguridade social
650 ## - ASSUNTO TÓPICO
Cabeçalho tópico ou nome geográfico Súmula previdenciária
942 ## - ELEMENTOS DE ENTRADA ADICIONAIS (KOHA)
Fonte de classificação ou esquema de arquivamento Classificação Decimal Universal
Tipo de item do Koha Livros
Holdings
Estado: removido Estado: perdido Fonte de classificação ou esquema de arquivamento Estado: danificado Indisponível para empréstimo Localização permanente Localização atual Data de aquisição Total Checkouts Número de Chamada completo Código de barras Date due Date last seen Date last checked out Número do exemplar Preço efetivo a partir de Tipo de item (Koha)
    Classificação Decimal Universal     Biblioteca da Escola Superior de Contas do TCE/MT Biblioteca da Escola Superior de Contas do TCE/MT 06/11/2023 1 349.3 K41c BIBTCEMT23110183 25/03/2024 18/03/2024 18/03/2024 Ex. 1 06/11/2023 Livros

Powered by Koha